Eines digitals per a la participació ciutadana
Descripción Física:
18 pàgines : 21 cm
Colección:
Quaderns de participació ciutadana
; 10
Idioma:
Catalán
MARC
| LEADER | 00000nam a2200000 a 4500 | ||
|---|---|---|---|
| 001 | 25409 | ||
| 008 | 220506r2021 spa||||| ||||s00| 0 cat c | ||
| 017 | |a DL B 4738-2021 | ||
| 080 | |a FU-68-60 | ||
| 245 | 1 | |a Eines digitals per a la participació ciutadana | |
| 260 | |a Barcelona : |b Diputació de Barcelona. Àrea de Presidència, |c 2021 | ||
| 300 | |a 18 pàgines : |c 21 cm | ||
| 490 | 1 | |a Quaderns de participació ciutadana ; |v 10 | |
| 650 | 0 | |a Participació ciutadana |9 7371 | |
| 650 | 0 | |a Administració |9 52788 |x Programari | |
| 710 | |a Barcelona (Catalunya : Província). |b Servei d'Agenda 2030 i Participació |9 52276 | ||
| 830 | 0 | |9 56231 |a Quaderns de participació ciutadana |v 10 | |
| 942 | |2 udc |c ARXIU |n 1 | ||
| 952 | |0 0 |1 0 |4 0 |6 FU6860 |7 1 |9 61495 |a Arxiu |b Arxiu |d 2022-05-06 |l 0 |o FU-68-60 |p 25409 |r 2022-05-06 00:00:00 |w 2022-05-06 |y ARXIU | ||
| 999 | |c 81445 |d 81445 | ||